| 000 | 00387nam a2200157Ia 4500 | ||
|---|---|---|---|
| 001 | 25799 | ||
| 008 | 140411s9999 xx 000 0 und d | ||
| 040 | _cPK-LaUMT | ||
| 082 |
_a 610 _bSCO-M |
||
| 100 | _aCyril Scott | ||
| 245 |
_aMedicine rational and irrational _cCyril Scott |
||
| 260 |
_aLondon,UK: _bThe True Health Publishing, _cNA |
||
| 300 | _a224 | ||
| 546 | _aEN | ||
| 942 | _cBK | ||
| 999 |
_c25966 _d25966 |
||